00794cam a2200205 a 4500020002700000020002700027082001200054100001900066245002400085250001200109260004600121300009200167500003300259500002000292650002400312942000700336999001300343952011600356952011600472 a0534373666 (hardcover) a0534373682 (hardcover)00a547 MCM1 aMcMurry, John.10aOrganic chemistry / a5th ed. aPacific Grove, CA :bBrooks/Cole,cc2000. axliii, 1284, 56, 28 p. :bill. (some col.) ;e1 computer laser optical disc (4 3/4 in.) aOne stereo viewer in pocket. aIncludes index. 0aChemistry, Organic. cBK c438d438 0010708NFICaICbICcGENd2015-03-10l41m6o547 MCMp005073r2022-12-29 00:00:00s2022-12-12w2015-03-10yBK 0010708NFICaICbICcGENd2015-06-03l27m2o547 MCMp005072r2024-09-03 15:04:43s2024-08-20w2015-06-03yBK